Estadísticas para Argentinos famosos por imagen

Haz click aquí para intentar la prueba.

Estadísticas generales

  • Esta prueba ha sido intentada 264 veces
  • La puntuación promedio es 9 de 20

Estadísticas de respuestas

Respuesta% Correcto
Lionel Messi
100%
Diego Maradona
96%
Papa Francisco
94%
Che Guevara
87%
Javier Milei
86%
Eva Perón
60%
Ricardo Darín
54%
Anya Taylor-Joy
53%
José de San Martín
53%
Juan Domingo Perón
41%
Jorge Luis Borges
39%
Máxima Zorreguieta
29%
René Favaloro
27%
Astor Piazzolla
13%
Juan Diego Botto
9%
Quino
9%
Carlos Mugica
8%
César Pelli
4%
Eduardo Pironio
4%
Mía Maestro
4%

Distribución de puntuación

Porcentaje por número respondido

Porcentaje de gente con cada puntuación

Historial de tus puntuaciones

No has intentado esta prueba.